000 00620nam a2200217Ia 4500
005 20250508170043.0
008 008 250505s9999 xx 000 0 eng d
020 _a978-81-266-4024-9
037 _aTextual
040 _aFEDL
_beng
_cFEDL
041 _aeng
_2eng
084 _a954, MEH
_qFEDL
100 _aMehta Surendralal G
_9782834
245 0 _aRich tradition richer heritage
260 _aMumbai, India
_bBharatiya Vidya Bhavan
_c2016
300 _axxii, 475p.
365 _aINR
_b250
546 _aGifted by H O D Namita Ranganathan
942 _cTEXL
_h954, MEH
999 _c1398956
_d1398956